00839nam a2200265 a 450000100060000000300090000600500170001500800410003202000150007303500180008804000230010604100080012908200260013710000580016324500560022126000430027730000350032049000340035550000200038950400300040965000290043965000350046870000360050383000340053953290BD-RJUL 20211209075935.0161005s1968 enka b 001 0 eng d a0632010703 aBD-RJUL 53410 aDLCcDLCdm.cbeng aeng a571.6223 bCLP 1968 1 aClowes, F. A. L.q(Frederick Albert Lionel),d1921- .10aPlant cells /c[by] F.A.L. Clowes and B.E. Juniper. aOxford :bBlackwell Scientific,c1968. axvii, 546 p. :bill. ;c23 cm.1 aBotanical monographs ;vv. 8. aIncludes index. aBibliography: p. 497-528. 0aPlant cells and tissues. 0aPlantes xCellules et tissus. 1 aJuniper, B. E.q(Barrie Edward) 0aBotanical monographs ;vv. 8.